Statistics for State Quiz - Minnesota

Click here to take the quiz!

General Stats

  • This quiz has been taken 27,473 times
    (19,448 since last reset)
  • The average score is 13 of 20

Answer Stats

ClueAnswer% Correct
Largest cityMinneapolis
96%
State capitalSaint Paul
94%
State nicknameLand of 10,000
{Lakes}
91%
Major river that begins in MinnesotaMississippi
90%
Nickname of the above two
cities, collectively
Twin Cities
87%
Singer known as "The Purple One"Prince
86%
Largest shopping mallMall of America
82%
Famous hospital in Rochester{Mayo} Clinic
73%
What is a walleye?A type of {fish}
69%
Legendary lumberjackPaul Bunyan
68%
Huge retailer headquartered
in Minnesota
Target
63%
Port city on Lake SuperiorDuluth
60%
Former Governor who was also
a pro wrestler
Jesse Ventura
53%
Singer born Robert ZimmermanBob Dylan
52%
Area in the northeast known
for rich deposits of ore
{Iron} Range
42%
Lake at the northernmost point
in the continental US
Lake of the {Woods}
40%
Famous apple variety invented by
the University of Minnesota
Honeycrisp
37%
City called the "Icebox of the Nation"
because of its low temperatures
{International} Falls
34%
Vegetable mascot of Le Sueur, MNJolly Green Giant
28%
Town where all the kids are
above average
Lake {Wobegon}
26%

Score Distribution

Percentile by Number Answered

Percent of People with Each Score

Your Score History

You have not taken this quiz since the last reset